|
|
|
|
| LEADER |
02061nam a22003973i 4500 |
| 001 |
EBC7167759 |
| 003 |
MiAaPQ |
| 005 |
20231204023228.0 |
| 006 |
m o d | |
| 007 |
cr cnu|||||||| |
| 008 |
231204s2023 xx o ||||0 eng d |
| 020 |
|
|
|a 9780472903146
|q (electronic bk.)
|
| 020 |
|
|
|z 9780472075195
|
| 035 |
|
|
|a (MiAaPQ)EBC7167759
|
| 035 |
|
|
|a (Au-PeEL)EBL7167759
|
| 035 |
|
|
|a (OCoLC)1369671300
|
| 040 |
|
|
|a MiAaPQ
|b eng
|e rda
|e pn
|c MiAaPQ
|d MiAaPQ
|
| 082 |
0 |
|
|a 810.9352624
|
| 100 |
1 |
|
|a Entin, Joseph B.
|
| 245 |
1 |
0 |
|a Living Labor :
|b Fiction, Film, and Precarious Work.
|
| 250 |
|
|
|a 1st ed.
|
| 264 |
|
1 |
|a Ann Arbor :
|b University of Michigan Press,
|c 2023.
|
| 264 |
|
4 |
|c Ã2023.
|
| 300 |
|
|
|a 1 online resource (215 pages)
|
| 336 |
|
|
|a text
|b txt
|2 rdacontent
|
| 337 |
|
|
|a computer
|b c
|2 rdamedia
|
| 338 |
|
|
|a online resource
|b cr
|2 rdacarrier
|
| 490 |
1 |
|
|a Class : Culture Series
|
| 505 |
0 |
|
|a Intro -- Contents -- Acknowledgments -- Introduction: Narratives of Living Labor -- 1. "We Are the Planet": Impossible Solidarities in Russell Banks's Continental Drift -- 2. "Maps of Labor": Globalization, Migration, and Contemporary Working-Class Literature -- 3. Living Labor, Dead Labor: Cinema, Solidarity, and Necrocapitalism -- 4. "The Uprooted Worker at the Center of the World": Labor, Migration, and Precarity on the Urban Underside of Independent Cinema -- Coda: Forms of Solidarity in Precarious Times -- Notes -- Index.
|
| 588 |
|
|
|a Description based on publisher supplied metadata and other sources.
|
| 590 |
|
|
|a Electronic reproduction. Ann Arbor, Michigan : ProQuest Ebook Central, 2023. Available via World Wide Web. Access may be limited to ProQuest Ebook Central affiliated libraries.
|
| 655 |
|
4 |
|a Electronic books.
|
| 776 |
0 |
8 |
|i Print version:
|a Entin, Joseph B.
|t Living Labor
|d Ann Arbor : University of Michigan Press,c2023
|z 9780472075195
|
| 797 |
2 |
|
|a ProQuest (Firm)
|
| 830 |
|
0 |
|a Class : Culture Series
|
| 856 |
4 |
0 |
|u https://ebookcentral.proquest.com/lib/matrademy/detail.action?docID=7167759
|z Click to View
|